Statistics for Largest Cities with Exceptions

Click here to take the quiz!

General Stats

  • This quiz has been taken 14 times
    (8 since last reset)
  • The average score is 7 of 11

Answer Stats

PopulationCity% Correct
13.1 milRio de Janeiro
100%
13.7 milJohannesburg
86%
22.4 milNew York City
86%
17.7 milOsaka
86%
22.2 milSao Paulo
71%
15.8 milIstanbul
57%
17.3 milKarachi
57%
10.5 milNagoya
57%
9.75 milChicago
43%
18.8 milLagos
43%
12.6 milLahore
43%

Score Distribution

Percentile by Number Answered

Percent of People with Each Score

Your Score History

You have not taken this quiz since the last reset